| 000 | 00624nam a22001937a 4500 | ||
|---|---|---|---|
| 003 | AM-YeHGA | ||
| 005 | 20250617153639.0 | ||
| 008 | 171205b1945 geo||||| |||| 00| 0 rus d | ||
| 040 | _aAM-YeHGA | ||
| 041 | 1 |
_arus _hgeo |
|
| 100 | 1 | _aКучишвили, Георгий | |
| 245 | 1 | 0 |
_aСтихи/ _cГеоргий Кучишвили; Пер. с грузин. Рюрика Ивнева: |
| 260 |
_aТбилиси: _bЗаря Востока, _c1945: |
||
| 300 | _a50 с. | ||
| 650 | 1 | 4 | _aГрузинская литература |
| 700 | 1 |
_aИвнев, Рюрик _eпер. _4trl |
|
| 942 |
_2udc _cBK |
||
| 090 | _c397496 | ||
| 999 |
_c395450 _d395450 |
||